La reforma política necesaria: el fortalecimiento de la negociación parlamentaria y el diálogo social / Memoria Seminario
ste seminario internacional sobre la reforma política: necesaria para el fortalecimiento de la negociación parlamentaria y el diálogo social, coordinado entre la Presidencia de la República y la Asamblea Legislativa, y con participación de una importante delegación de países iberoamericanos. Por una...
Salvato in:
| Ente Autore: | |
|---|---|
| Natura: | Atti del Convegno |
| Pubblicazione: |
San José, Costa Rica:
Costa Rica. Ministerio de la Presidencia
2004
|
| Soggetti: | |
| Tags: |
Aggiungi Tag
Nessun Tag, puoi essere il primo ad aggiungerne!!
|
MARC
| LEADER | 00000 a2200000 04500 | ||
|---|---|---|---|
| 001 | 45280 | ||
| 003 | cru CIDCACS/IIS | ||
| 005 | 20231113115259.0 | ||
| 008 | 991231s1991 CR d | ||
| 020 | |a [sin ISBN] | ||
| 040 | |c cru CIDCACS/IIS |a cru CIDCACS/IIS | ||
| 090 | |a 04.04.02 CR837r | ||
| 111 | |a La reforma política necesaria: el fortalecimiento de la negociación parlamentaria y el diálogo social n |d 2004 marzo 31-abril 1 : |c San José, Costa Rica) | ||
| 245 | |a La reforma política necesaria: el fortalecimiento de la negociación parlamentaria y el diálogo social / |b Memoria Seminario |c Asamblea Legislativa, Ministerio de la Presidencia | ||
| 260 | |a San José, Costa Rica: |b Costa Rica. Ministerio de la Presidencia |c 2004 | ||
| 300 | |a 134 páginas | ||
| 520 | |a ste seminario internacional sobre la reforma política: necesaria para el fortalecimiento de la negociación parlamentaria y el diálogo social, coordinado entre la Presidencia de la República y la Asamblea Legislativa, y con participación de una importante delegación de países iberoamericanos. Por una parte inaugura la sede de la Escuela de IBERGOP en el país y por otra inicia un proceso de análisis de temas claves ligados a la gobernabilidad democrática que retroalimentará a la Cumbre Iberoamericana de Jefes de Estado. En este seminario de abordaron temas como : visión presente y futura de la gobernabilidad democrática, la sala constitucional, reformas al Poder Judicial de Costa Rica, la negociación parlamentaria , el diálogo social institucionalizado y el intercambio de buenas prácticas tendientes a fortalecer la gobernabilidad democrática. | ||
| 650 | 0 | |9 83 |a DEMOCRACIA | |
| 650 | 0 | |9 4450 |a REFORMA POLITICA | |
| 650 | 4 | |9 3230 |a DIALOGO | |
| 650 | 0 | |9 4908 |a GOBERNABILIDAD | |
| 650 | 0 | |9 7882 |a NEGOCIACION COLECTIVA | |
| 942 | |2 z |c LI |h 04.04.02 CR837r |i 15786 |6 040402_CR837R_15786 | ||
| 999 | |c 16122 |d 16122 | ||
